Normal view
MARC view
- Guide Name:Murugkar Kavita
Entry Personal Name
001 - CONTROL NUMBER
- control field: 210324
003 - CONTROL NUMBER IDENTIFIER
- control field: OSt
005 - DATE AND TIME OF LATEST TRANSACTION
- control field: 20250110171526.0
008 - FIXED-LENGTH DATA ELEMENTS
- fixed length control field: 250110|| aca||aabn | a|a d
040 ## - CATALOGING SOURCE
- Original cataloging agency: OSt
- Transcribing agency: OSt
100 ## - HEADING--PERSONAL NAME
- Personal name: Guide Name:Murugkar Kavita
670 ## - SOURCE DATA FOUND
- Source citation: Work cat.: (OSt)363516: Thankappan Bhavana 182649, Pet Care And Rehabilitation Centre Hinjewadi Pune, 2014